000 01211nam a2200265Ia 4500
003 OSt
005 20220930094839.0
006 a|||||r|||| 00| 0
007 ta
008 220926b |||||||| |||| 00| 0 hin d
024 _a21641
037 _cTheses
040 _aCRL
_cCRL
_bhin
041 _2hin
_ahin
100 _aटी. आर. पार्वती
_9556443
110 _aदिल्ली विश्वविद्यालय. कला संकाय. संस्कृत विभाग
_9556444
245 0 _aकौटिल्य-अर्थशास्त्र का भारतीय संविधान में प्रतिबिम्ब
246 _aKauṭilya-arthashāstra kā bhāratīya sanvidhān mean pratibimba
260 _c2014
650 _aसंस्कृत साहित्य
700 _a प्रो. शारदा शर्मा, गा.
700 _aदिल्ली विश्वविद्यालय. कला संकाय. संस्कृत विभाग
_9556445
942 _cDIS
_2CC
999 _c887768
_d887768